00499nam a2200169Ia 450000500170000000800410001702000140005808200150007210000180008724500290010526000530013430000130018765000130020094200060021395200970021999900130031620250429070513.0240331s9999 xx 000 0 und d a981002664 a291.5bMUR aMurugaiyan, V 0aYamar ematar emantan yar aSingaporebDr, M. Vasanthakumar Murukaiyanc1991 a167 p ., aReligion cL 001040708LaWERCLbWERCLcSSCd2024-03-31l0o 291.5 MURp2093r2024-03-31w2024-03-31yL c960d960